[Event "42nd GRE-ch Women 2019"]
[Site "Thessaloniki"]
[Date "2019.11.24"]
[Round "5.4"]
[White "Koutsidi, Amalia"]
[Black "Makka, Ioulia"]
[Result "1/2-1/2"]
[WhiteElo "1724"]
[BlackElo "2048"]
[Annotator "NA RC"]
[PlyCount "111"]
[EventDate "2019.11.20"]
[EventType "tourn"]
[EventCountry "GRE"]
[SourceTitle "playchess.com"]
[Source "ChessBase"]
[SourceQuality "1"]
[TimeControl "40/5400+30:1800+30"]

{[%evp 45,111,-8,32767,32767,30,7,74,51,32767,70,70,5,39,36,27,-5,63,55,55,50,32767,32767,32767,32767,132,118,32767,125,127,165,158,152,168,175,187,191,177,218,32767,32767,32767,32767,32767,32767,102,91,79,37,40,40,37,40,41,37,41,40,37,0,37,23,41,40,37,49,35,41,37,0]} 1. e4 {[%emt 0:00:00]} c6 {[%emt 0:00:02]} 2. Nc3 {[%emt 0:00:00]} d5 {[%emt 0:00:47]} 3. Nf3 {[%emt 0:00:00]} Bg4 {[%emt 0:00:00]} 4. h3 {[%emt 0:00:00]} Bxf3 {[%emt 0:00:00]} 5. Qxf3 {[%emt 0:00:01]} e6 {[%emt 0:01:17]} 6. d4 {[%emt 0:00:14]} Nf6 {[%emt 0:00:42]} 7. Bd3 {[%emt 0:00:32]} dxe4 {[%emt 0:03:44]} 8. Nxe4 {[%emt 0:00:09]} Nxe4 {[%emt 0:00:47] B11: Caro-Kann: Two Knights Variation} 9. Qxe4 {[%emt 0:03:02]} Nd7 {[%emt 0:00:34]} 10. c3 {[%emt 0:07:24]} Nf6 {[%emt 0:01:57]} 11. Qh4 {[%emt 0:03:51]} Bd6 {[%emt 0:03:28]} 12. O-O {[%emt 0:06:46]} h6 {[%emt 0:02:48]} 13. Bg5 $146 {[%emt 0:07:54]} ({Predecessor:} 13. Re1 Ke7 14. f4 g5 15. fxg5 hxg5 16. Qxg5 {1-0 (78) Hracek,Z (2625)-Kallai,G (2500) Berlin 1996}) 13... Kd7 {[%emt 0:08:14]} 14. Bxf6 {[%emt 0:02:30]} Qxf6 {[%emt 0:11:57]} 15. Qe4 {[%emt 0:11:15]} g5 {[%emt 0:03:21]} 16. c4 {[%emt 0:05:01]} Qf4 {[%emt 0:04:19]} 17. g3 {[%emt 0:09:41]} Qxe4 {[%emt 0:01:14]} 18. Bxe4 {[%emt 0:00:06]} f5 {[%emt 0:01:36]} 19. Bf3 {[%emt 0:01:58]} h5 {[%emt 0:02:05]} 20. Rad1 {[%emt 0:05:23]} Rh6 {[%emt 0:18:25]} 21. Kg2 {[%emt 0:03:57]} Kc7 {[%emt 0:09:04]} 22. c5 {[%emt 0:14:33]} Be7 {[%emt 0:00:35]} 23. Be2 {[%emt 0:02:23]} h4 {[%emt 0:13:19]} 24. g4 {[%emt 0:00:51]} f4 {[%emt 0:01:59]} 25. Bc4 {[%emt 0:02:01]} Bf8 {[%emt 0:02:43]} (25... b5 $11 {remains equal.} 26. Bb3 Re8) 26. Rfe1 {[%emt 0:00:29]} Rd8 {[%emt 0:05:37]} 27. Re5 {[%emt 0:08:23]} Bg7 {[%emt 0:00:18]} 28. Re4 {[%emt 0:00:41]} ({White should play} 28. Rxg5 $16 Bxd4 29. b4) 28... e5 {[%emt 0:00:52]} 29. d5 {[%emt 0:00:38]} cxd5 {[%emt 0:00:18]} 30. Rxd5 {[%emt 0:00:48]} Rxd5 {[%emt 0:01:04]} ({Black should try} 30... Rhh8 $11) 31. Bxd5 {[%emt 0:00:06]} Rh8 {[%emt 0:01:04]} 32. Rb4 {[%emt 0:01:28]} Rb8 {[%emt 0:00:13]} 33. Kf3 {[%emt 0:01:44]} Bf8 {[%emt 0:00:26]} 34. Rc4 {[%emt 0:00:38]} Re8 {[%emt 0:01:20]} 35. Ke4 {[%emt 0:00:32]} a5 {[%emt 0:00:30]} 36. Kf5 {[%emt 0:01:20]} Be7 {[%emt 0:00:34]} 37. f3 {[%emt 0:00:51]} ({Don't do} 37. Kxe5 $6 Bd8+ 38. Be6 Kc6 $14) 37... Rf8+ {[%emt 0:00:38]} 38. Ke4 {[%emt 0:01:08]} Bf6 {[%emt 0:00:31]} 39. b3 {[%emt 0:00:16]} Rd8 {[%emt 0:00:32]} 40. Rc2 {[%emt 0:00:00]} Bg7 {[%emt 0:00:00] [#]} 41. a3 $1 {[%emt 0:09:15]} Bf6 {[%emt 0:16:51]} 42. b4 {[%emt 0:02:25]} axb4 {[%emt 0:00:38]} 43. axb4 {[%emt 0:00:06]} Ra8 {[%emt 0:01:02]} 44. Ra2 {[%emt 0:13:24]} Rxa2 {[%emt 0:01:19]} 45. Bxa2 {[%emt 0:00:05]} b6 {[%emt 0:03:44]} 46. cxb6+ {[%emt 0:01:09]} ({White should play} 46. Kf5 $16 Bd8 47. Bd5 (47. Kxe5 bxc5 48. b5 Kb6 $11)) 46... Kxb6 {[%emt 0:00:07]} 47. Bc4 {[%emt 0:00:10]} Kc6 {[%emt 0:01:09]} 48. Kf5 {[%emt 0:01:14]} Bd8 {[%emt 0:01:31]} 49. Kxe5 {[%emt 0:00:26]} Be7 {[%emt 0:00:29]} 50. Ke6 {[%emt 0:01:04]} Bd8 $1 {[%emt 0:00:10]} 51. Ke5 {[%emt 0:02:10]} Be7 {[%emt 0:00:32]} 52. b5+ {[%emt 0:01:19]} Kc7 {[%emt 0:02:13]} 53. Ke6 {[%emt 0:00:33]} Bd8 $1 {[%emt 0:00:11]} 54. Bd3 {[%emt 0:00:15]} Kb6 {[%emt 0:00:27]} 55. Kd7 {[%emt 0:00:30]} Bf6 $14 {[%emt 0:00:25]} 56. Ke6 {[%emt 0:01:10]} 1/2-1/2

[Event "42nd GRE-ch Women 2019"]
[Site "Thessaloniki"]
[Date "2019.11.24"]
[Round "5.5"]
[White "Markantonaki, Haritomeni"]
[Black "Serefidou, Despina"]
[Result "1-0"]
[WhiteElo "2178"]
[BlackElo "1899"]
[Annotator "ChessBase"]
[PlyCount "55"]
[EventDate "2019.11.20"]
[EventType "tourn"]
[EventCountry "GRE"]
[SourceTitle "playchess.com"]
[Source "ChessBase"]
[SourceQuality "1"]
[TimeControl "40/5400+30:1800+30"]

1. e4 {[%emt 0:00:00]} c5 {[%emt 0:00:00]} 2. Nf3 {[%emt 0:00:00]} d6 {[%emt 0:00:25]} 3. d4 {[%emt 0:00:00]} cxd4 {[%emt 0:00:00]} 4. Nxd4 {[%emt 0:00:00]} Nf6 {[%emt 0:00:00]} 5. Nc3 {[%emt 0:00:00]} a6 {[%emt 0:00:15]} 6. Be3 {[%emt 0:00:48]} e5 {[%emt 0:00:00]} 7. Nb3 {[%emt 0:00:18]} Be6 {[%emt 0:00:26]} 8. h3 {[%emt 0:00:43]} h5 {[%emt 0:07:55]} 9. Qd2 {[%emt 0:05:23]} Nbd7 {[%emt 0:03:00]} 10. O-O-O {[%emt 0:01:55]} b5 {[%emt 0:04:27]} 11. f4 {[%emt 0:04:37]} b4 {[%emt 0:20:41]} 12. Nd5 {[%emt 0:00:31]} Nxe4 {[%emt 0:10:16]} 13. Qxb4 {[%emt 0:01:49]} Nef6 {[%emt 0:10:39]} 14. Bc4 {[%emt 0:08:41]} Nxd5 {[%emt 0:13:57]} 15. Bxd5 {[%emt 0:00:16]} Bxd5 {[%emt 0:01:29]} 16. Rxd5 {[%emt 0:00:06]} Be7 {[%emt 0:13:11]} 17. Rhd1 {[%emt 0:20:14]} Qc7 {[%emt 0:02:59]} 18. fxe5 {[%emt 0:03:02]} Nxe5 {[%emt 0:00:08]} 19. Nd4 {[%emt 0:03:40]} g6 {[%emt 0:06:40]} 20. Nf3 {[%emt 0:08:05]} Nxf3 {[%emt 0:02:43]} 21. gxf3 {[%emt 0:00:02]} O-O {[%emt 0:00:27]} 22. Bd4 {[%emt 0:02:57]} Rfc8 {[%emt 0:00:42]} 23. Qd2 {[%emt 0:04:04]} Qc6 {[%emt 0:00:36]} 24. Bc3 {[%emt 0:00:28]} Bf8 {[%emt 0:00:20]} 25. Qd4 {[%emt 0:03:12]} f5 {[%emt 0:00:35]} 26. Qh8+ {[%emt 0:01:04]} Kf7 {[%emt 0:00:07]} 27. Qf6+ {[%emt 0:02:23]} Ke8 {[%emt 0:00:24]} 28. Re1+ {[%emt 0:00:45]} 1-0

[Event "42nd GRE-ch Women 2019"]
[Site "Thessaloniki"]
[Date "2019.11.25"]
[Round "6.1"]
[White "Hristodoulaki, Antonia"]
[Black "Serefidou, Despina"]
[Result "0-1"]
[WhiteElo "2054"]
[BlackElo "1899"]
[Annotator "NA RC"]
[PlyCount "118"]
[EventDate "2019.11.20"]
[EventType "tourn"]
[EventCountry "GRE"]
[SourceTitle "playchess.com"]
[Source "ChessBase"]
[SourceQuality "1"]
[TimeControl "40/5400+30:1800+30"]

1. e4 {[%emt 0:03:16]} e5 {[%emt 0:00:00]} 2. Nf3 {[%emt 0:00:04]} Nc6 {[%emt 0:00:14]} 3. Bc4 Nf6 {[%emt 0:01:59]} 4. d3 {[%emt 0:00:09]} Bc5 {[%emt 0:00:27]} 5. O-O {[%emt 0:00:33]} d6 {[%emt 0:07:13]} 6. a4 {[%emt 0:04:27]} a6 {[%emt 0:02:56] C50: Hungarian Defence and Giuoco Pianissimo} 7. c3 {[%emt 0:00:20]} Ba7 {[%emt 0:01:01]} 8. Re1 {[%emt 0:12:41]} h6 {[%emt 0:16:35]} 9. h3 {[%emt 0:06:12]} O-O {[%emt 0:02:16]} 10. a5 {[%emt 0:06:35]} (10. Nbd2 Re8 11. b4 Be6 12. Bxe6 Rxe6 13. Nf1 Qd7 14. Be3 Bxe3 15. Nxe3 d5 {1-0 (53) Vachier Lagrave,M (2774)-Aronian,L (2758) Khanty-Mansiysk 2019}) 10... Nh5 {[%emt 0:18:32]} 11. Be3 $146 {[%emt 0:21:56]} ({Predecessor:} 11. d4 Qf6 12. Be3 Nf4 13. Bf1 g5 {½-½ (39) Lehtinen,P (2248)-Miettinen,K (2342) ICCF email 2013}) 11... Qf6 {[%emt 0:14:36]} 12. Nh2 {[%emt 0:10:14]} Qg6 {[%emt 0:01:56]} 13. Kh1 {[%emt 0:00:39]} Bxe3 {[%emt 0:08:54]} 14. Rxe3 {[%emt 0:00:36]} Kh8 {[%emt 0:00:00]} 15. g4 {[%emt 0:08:20]} ({White should play} 15. Nd2 $15) 15... Nf4 {[%emt 0:01:04]} 16. Rg3 {[%emt 0:00:24]} Be6 {[%emt 0:09:32]} 17. Nd2 {[%emt 0:02:33]} d5 {[%emt 0:01:20]} ({Black should play} 17... Rfd8 $17 18. Qb3 Rab8 19. Bxe6 Qxe6 20. Qxe6 fxe6) 18. exd5 {[%emt 0:02:51]} Bxd5+ {[%emt 0:02:37]} 19. Bxd5 {[%emt 0:00:05]} Nxd5 {[%emt 0:00:00]} 20. Qf3 {[%emt 0:00:09]} (20. Ne4 $15) 20... Rad8 {[%emt 0:00:15]} 21. Nc4 {[%emt 0:02:03]} Qg5 {[%emt 0:06:28]} (21... f6 $17 22. Nf1 Nf4) 22. Qe4 {[%emt 0:04:03]} Qf4 {[%emt 0:01:55]} 23. Nf3 {[%emt 0:00:55]} Rfe8 {[%emt 0:00:53]} 24. Ng1 {[%emt 0:07:00]} (24. g5 $11) 24... Qxe4+ {[%emt 0:01:10]} 25. dxe4 {[%emt 0:00:02]} Nf4 {[%emt 0:00:00]} 26. Re1 {[%emt 0:01:12]} Nd3 {[%emt 0:00:28]} 27. Re2 {[%emt 0:00:54]} Nc1 {[%emt 0:00:27]} 28. Re1 {[%emt 0:02:13]} Nb3 {[%emt 0:00:04]} 29. Nf3 {[%emt 0:00:29]} f6 {[%emt 0:01:01]} 30. Nh4 {[%emt 0:00:52]} Ncxa5 {[%emt 0:00:26]} 31. Nxa5 {[%emt 0:00:49]} Nxa5 {[%emt 0:00:01]} 32. Rge3 {[%emt 0:00:44]} Rd2 {[%emt 0:00:48]} 33. R3e2 {[%emt 0:00:23]} Rxe2 {[%emt 0:00:20]} 34. Rxe2 {[%emt 0:00:01]} Rd8 {[%emt 0:00:33]} 35. Kg2 {[%emt 0:00:20]} Kg8 {[%emt 0:00:21]} 36. Nf3 {[%emt 0:01:27]} Nb3 {[%emt 0:00:42]} 37. Re1 {[%emt 0:00:24]} Kf7 {[%emt 0:00:27]} 38. h4 {[%emt 0:00:23]} Ke6 {[%emt 0:00:38]} 39. g5 {[%emt 0:01:00]} hxg5 {[%emt 0:00:11]} 40. hxg5 {[%emt 0:00:00]} a5 {[%emt 0:00:00]} 41. Rh1 {[%emt 0:01:36]} Nc5 {[%emt 0:03:55]} 42. Rh4 $19 {[%emt 0:06:41]} Nd3 {[%emt 0:05:19]} 43. b3 {[%emt 0:01:47]} Nf4+ {[%emt 0:00:48]} 44. Kg3 {[%emt 0:00:40]} Ne2+ {[%emt 0:01:00]} 45. Kg4 {[%emt 0:00:32]} Nxc3 {[%emt 0:00:48]} 46. Rh7 {[%emt 0:01:28]} Rd7 {[%emt 0:04:43]} 47. gxf6 {[%emt 0:01:42]} gxf6 {[%emt 0:00:07]} 48. Rxd7 {[%emt 0:00:15]} Kxd7 {[%emt 0:00:34]} 49. Kf5 {[%emt 0:00:05]} Ke7 {[%emt 0:02:12]} 50. Nd2 {[%emt 0:00:21]} b5 {[%emt 0:01:08]} 51. f4 {[%emt 0:00:55]} exf4 {[%emt 0:03:03]} 52. e5 {[%emt 0:00:34]} fxe5 {[%emt 0:02:12]} 53. Kxe5 Ne2 54. Ke4 Kd6 55. Kf3 Nc1 56. Kxf4 Kc5 57. Ke5 Kb4 58. Kd5 Nxb3 59. Kc6 Nxd2 0-1

[Event "42nd GRE-ch Women 2019"]
[Site "Thessaloniki"]
[Date "2019.11.25"]
[Round "6.2"]
[White "Makka, Ioulia"]
[Black "Markantonaki, Haritomeni"]
[Result "1-0"]
[WhiteElo "2048"]
[BlackElo "2178"]
[Annotator "TA"]
[PlyCount "110"]
[EventDate "2019.11.20"]
[EventType "tourn"]
[EventCountry "GRE"]
[SourceTitle "playchess.com"]
[Source "ChessBase"]
[SourceQuality "1"]

{[%evp 13,110,49,62,46,73,76,97,91,81,100,90,79,70,54,141,150,137,136,132,107,131,121,197,184,417,212,445,113,181,90,105,91,216,123,127,129,125,24,65,0,72,0,28,25,69,70,191,142,456,368,935,462,1275,1253,1222,1154,1643,1541,12829,1102,1102,0,12829,12829,12827,425,1210,0,6487,12824,5489,5461,2468,400,1037,1048,1800,1790,1865,1812,1687,1713,1641,1616,1604,1435,1496,1331,1590,1541,1462,1285,3114,3657,2940,2631,2247,2046,1270]} 1. e4 c5 2. Nf3 e6 3. d4 cxd4 4. Nxd4 Nf6 5. Nc3 Bb4 6. e5 Nd5 7. Qg4 g6 8. Qg3 {B40: Sicilian: 2...e6, Unusual lines} (8. Bd2 f5 9. exf6 Nxf6 10. Qh4 O-O 11. O-O-O Be7 12. Bg5 d5 13. Bd3 Nc6 14. Rhe1 Nxd4 15. Qxd4 Bd7 16. f4 a6 17. f5 gxf5 18. Bxf5 Ne4 19. Bxe7 Qxe7 20. Bxe4 {1-0 (20) Novikov,S (2540)-Gheng,J (2334) Schwaebisch Gmuend 2018}) 8... Nc6 9. Ndb5 a6 10. Nd6+ {White is better.} Bxd6 11. exd6 Ndb4 $146 ({Predecessor:} 11... Qa5 12. Bd2 Ndb4 13. Bd3 Qe5+ 14. Qxe5 Nxe5 15. Ke2 Nbxd3 16. cxd3 {½-½ (57) Hansen,H (1645)-Daubenfeld,G (1745) Luxembourg 1998}) 12. Bd3 Nxd3+ 13. cxd3 f5 (13... f6 $1 $14) 14. Bg5 $36 {[%mdl 2048] Keeping Black busy.} Qa5 15. O-O-O b5 {Hoping for ...b4.} 16. Kb1 $1 b4 17. Ne2 Kf7 (17... Bb7 $16 {keeps fighting.}) 18. d4 $1 $18 Qd5 $2 (18... Bb7) 19. f3 (19. Nf4 $142 Qe4+ 20. Rd3) 19... h6 $2 (19... f4 {was called for.} 20. Qh4 (20. Bxf4 Qf5+ 21. Ka1 Bb7 $16) 20... h6) 20. Bf4 $2 (20. Nf4 $18 Qa5 21. Bf6 $1 {[%mdl 512]}) 20... g5 {[#]} (20... Bb7 $16) 21. Be5 (21. Qh3 $1 $18 {and White stays clearly on top.}) 21... Nxe5 $16 22. dxe5 (22. Qxe5 Bb7 $11) 22... Qa5 {[#]} (22... Qc4 $16 23. Rd2 Qc5) 23. Nd4 (23. h4 $1 $18 {[%cal Rh4g5]} Bb7 24. hxg5 hxg5 25. Qxg5 Qxe5 26. Qe7+ (26. Rxh8 Rxh8 27. Qe7+ Kg6 $11) 26... Kg6 27. Qxd7) 23... f4 24. Qe1 Bb7 25. Nc2 ({Better is} 25. g3 $16) 25... Rab8 26. Rd4 ({Much weaker is} 26. Nxb4 Bxf3 27. gxf3 Rxb4 $15) ({White should play} 26. h4 $1 $14) 26... Ba8 (26... Qc5 $11 {remains equal.}) 27. Rxb4 ({White should try} 27. h4 $16) 27... Rxb4 28. Nxb4 Rb8 29. a3 Rb5 (29... Qb5 $14 30. Qc3 Bb7) 30. Qc3 {Qc8 is the strong threat.} Rxe5 $2 {[%mdl 8192]} (30... Rc5 $16 {is a better chance.} 31. Qd3 Kg7) 31. Qc8 $18 Bc6 $2 (31... Qb5 32. Qxa8 a5) 32. Qh8 (32. Nxc6 $142 dxc6 33. Qc7+ Kg6 34. Qxa5 Rxa5 35. Rd1) 32... Ba4 (32... Re2 $142 33. Qh7+ (33. Qxh6 Qf5+ 34. Ka1 Bb5 $11) 33... Kf8) 33. Qh7+ Kf8 34. Qxh6+ Kf7 35. Qh7+ Kf8 36. Qh8+ (36. Rc1 $142 Rc5 37. Nd3 Rxc1+ 38. Kxc1) 36... Kf7 37. Qh7+ (37. g4 $142) 37... Kf8 $1 38. Rc1 {White wants to mate with Rc8+.} Rc5 39. Qh8+ (39. Nd3 $142 Rxc1+ 40. Kxc1) 39... Kf7 {intending ...Rxc1+.} 40. Qh7+ (40. Nd3 $142 Bc2+ 41. Rxc2 Rxc2 42. Qh7+ Kf6 43. Kxc2) 40... Kf8 $1 41. Nd3 Rxc1+ 42. Kxc1 e5 43. Qe7+ (43. Qh8+ $142 Kf7 44. Nxe5+ Ke6 45. Qg8+ {[%mdl 64] Double Attack} Kxe5 46. Qxg5+ Kxd6 47. Qxa5) 43... Kg8 44. Qxg5+ {White is clearly winning.} Kf8 45. Qxe5 Qxe5 46. Nxe5 {[%mdl 4096] Endgame KB-KN} Kg7 47. Nd3 Kf6 48. Nxf4 Ke5 49. Nd3+ Kxd6 50. Kd2 Bb5 51. b4 Kd5 52. Kc3 d6 53. h4 Be8 54. g4 Ke6 55. Kd4 Bc6 {Accuracy: White = 42%, Black = 30%.} 1-0

[Event "42nd GRE-ch Women 2019"]
[Site "Thessaloniki"]
[Date "2019.11.25"]
[Round "6.3"]
[White "Stefanidi, Maria-Anna"]
[Black "Koutsidi, Amalia"]
[Result "1/2-1/2"]
[WhiteElo "2012"]
[BlackElo "1724"]
[Annotator "NA RC"]
[PlyCount "117"]
[EventDate "2019.11.20"]
[EventType "tourn"]
[EventCountry "GRE"]
[SourceTitle "playchess.com"]
[Source "ChessBase"]
[SourceQuality "1"]
[TimeControl "40/5400+30:1800+30"]

1. g3 {[%emt 0:00:00]} d5 {[%emt 0:02:04]} 2. Bg2 {[%emt 0:00:13]} Nf6 {[%emt 0:01:23]} 3. d3 {[%emt 0:00:47]} g6 {[%emt 0:07:44]} 4. Bg5 {[%emt 0:02:32]} Bg7 {[%emt 0:00:49]} 5. c3 {[%emt 0:00:15]} O-O {[%emt 0:01:48]} 6. Qd2 {[%emt 0:00:32]} c6 {[%emt 0:02:12]} 7. Na3 {[%emt 0:00:56]} e5 {[%emt 0:04:29]} 8. h4 {[%emt 0:07:08]} h5 {[%emt 0:14:14]} 9. O-O-O {[%emt 0:06:51]} b5 {[%emt 0:10:05]} 10. f4 {[%emt 0:02:02]} Qc7 {[%emt 0:09:08]} ({Better is} 10... exf4 $17 11. Qxf4 Nbd7) 11. e4 {[%emt 0:05:59]} (11. fxe5 $11 {remains equal.} Qxe5 12. Bf4) 11... dxe4 {[%emt 0:03:08]} 12. dxe4 {[%emt 0:04:06]} Be6 {[%emt 0:08:42]} 13. Kb1 {[%emt 0:02:02]} Na6 {[%emt 0:02:48]} 14. f5 {[%emt 0:15:21]} Rad8 {[%emt 0:13:04]} 15. Qc1 {[%emt 0:02:15]} (15. Qc2 $17 {was worth a try.} gxf5 16. Rxd8 Qxd8 17. exf5) 15... Bc4 $2 {[%emt 0:02:21]} (15... gxf5 $19 16. Bxf6 Bxf6) 16. Nxc4 {[%emt 0:04:38]} bxc4 {[%emt 0:00:13]} 17. Ne2 {[%emt 0:01:20]} Nc5 {[%emt 0:01:01]} 18. Bxf6 {[%emt 0:01:26]} Bxf6 {[%emt 0:00:07]} 19. g4 $2 {[%emt 0:03:12]} ({White should try} 19. fxg6 $15 fxg6 20. Rxd8 Rxd8 21. Qh6) 19... Nd3 {[%emt 0:01:38]} ({Don't take} 19... hxg4 20. Qh6) 20. Qe3 {[%emt 0:08:10] [#]} Qb6 $2 {[%emt 0:01:30]} ({Much less strong is} 20... hxg4 21. fxg6 fxg6 22. Nc1 $19) (20... Qb7 $1 $19 {[%csl Gd3][%cal Rb7b2][%mdl 512]} 21. Rd2 {[#]} Nf2 $1 {[%mdl 512]} 22. Rxd8 Rxd8) 21. Qxb6 {[%emt 0:00:37]} axb6 {[%emt 0:00:04]} 22. gxh5 {[%emt 0:00:54]} Nf2 {[%emt 0:04:23]} 23. Rxd8 {[%emt 0:01:44]} Rxd8 {[%emt 0:00:09]} 24. Rg1 {[%emt 0:08:22]} Bxh4 {[%emt 0:02:13]} ({Black should try} 24... gxh5 $17 25. Bf3+ Kf8) 25. hxg6 {[%emt 0:09:53]} fxg6 {[%emt 0:00:06]} 26. Nc1 {[%emt 0:06:25] [#]} g5 $1 {[%emt 0:03:08]} 27. Kc2 {[%emt 0:00:15]} (27. Bf3 $17) 27... Kg7 {[%emt 0:00:16]} 28. Bf3 {[%emt 0:01:18]} Kf6 {[%emt 0:00:39]} 29. b3 {[%emt 0:00:16]} cxb3+ {[%emt 0:00:08]} 30. axb3 {[%emt 0:00:18] [#]} Nh3 $2 {[%emt 0:00:37]} ({Black should try} 30... g4 $1 $19 {[%cal Rg4f3][%mdl 512]} 31. Bxg4 Rg8) 31. Rg2 {[%emt 0:01:34]} Nf4 {[%emt 0:00:20]} 32. Rd2 {[%emt 0:00:10]} Rxd2+ {[%emt 0:00:42]} 33. Kxd2 {[%emt 0:00:06]} Bf2 {[%emt 0:02:03]} 34. b4 {[%emt 0:01:24]} Bg1 {[%emt 0:02:04]} 35. Nb3 {[%emt 0:01:21]} Bh2 {[%emt 0:01:06]} 36. Ke1 {[%emt 0:01:27]} Bg3+ {[%emt 0:00:13]} 37. Kf1 {[%emt 0:00:15]} Nd3 {[%emt 0:00:49]} 38. Nd2 {[%emt 0:00:33]} Nb2 {[%emt 0:00:40]} 39. Ke2 {[%emt 0:01:14]} Na4 {[%emt 0:00:40]} 40. c4 {[%emt 0:00:00]} Nb2 {[%emt 0:00:00]} 41. c5 {[%emt 0:07:01]} bxc5 {[%emt 0:05:44]} 42. bxc5 {[%emt 0:00:22]} Na4 {[%emt 0:01:58]} 43. Nb3 {[%emt 0:00:15]} Nc3+ {[%emt 0:07:05]} 44. Kd3 {[%emt 0:05:07]} Nb5 {[%emt 0:00:33]} 45. Bh5 {[%emt 0:02:12]} Ke7 {[%emt 0:02:24]} 46. Be2 {[%emt 0:02:51]} Bf2 {[%emt 0:02:03]} 47. Bd1 {[%emt 0:01:13]} Nc7 {[%emt 0:07:43]} 48. Kc4 Na6 {[%emt 0:00:30]} 49. Bh5 Be3 {[%emt 0:00:30]} 50. Bg4 Kf6 {[%emt 0:00:30]} 51. Bf3 Bf2 {[%emt 0:00:30]} 52. Na5 Nxc5 {[%emt 0:00:30]} 53. Nxc6 g4 {[%emt 0:00:30]} 54. Bg2 g3 {[%emt 0:00:30]} 55. Nb4 Nd7 {[%emt 0:00:30]} 56. Kd5 Nb6+ {[%emt 0:00:30]} 57. Kc6 Nc4 {[%emt 0:00:30]} 58. Nd5+ $11 Kf7 {[%emt 0:00:30]} 59. Kd7 1/2-1/2

[Event "42nd GRE-ch Women 2019"]
[Site "Thessaloniki"]
[Date "2019.11.25"]
[Round "6.4"]
[White "Makka, Evanthia"]
[Black "Grapsa, Georgia"]
[Result "1/2-1/2"]
[WhiteElo "2059"]
[BlackElo "2026"]
[Annotator "NA RC"]
[PlyCount "104"]
[EventDate "2019.11.20"]
[EventType "tourn"]
[EventCountry "GRE"]
[SourceTitle "playchess.com"]
[Source "ChessBase"]
[SourceQuality "1"]
[TimeControl "40/5400+30:1800+30"]

1. d4 Nf6 {[%emt 0:00:00]} 2. Nf3 {[%emt 0:02:11]} b6 {[%emt 0:00:07]} 3. e3 {[%emt 0:00:33]} Bb7 {[%emt 0:00:09]} 4. Bd3 {[%emt 0:00:38]} g6 {[%emt 0:00:42]} 5. c4 {[%emt 0:01:36]} Bg7 {[%emt 0:03:57]} 6. O-O {[%emt 0:00:18] A47: 1 d4 Nf6 2 Nf3 b6: Torre, London and Colle Systems} O-O {[%emt 0:07:07]} 7. Re1 {[%emt 0:04:01]} Ne4 {[%emt 0:05:29]} 8. d5 {[%emt 0:01:16]} Nc5 {[%emt 0:08:02]} 9. Bc2 {[%emt 0:00:24]} c6 $146 {[%emt 0:03:01]} ({Predecessor:} 9... e6 10. e4 d6 11. Bg5 Qc8 {½-½ (38) Salem,A (2624)-Shabalov,A (2522) Berlin 2015}) 10. e4 {[%emt 0:11:48]} Ba6 {[%emt 0:06:27]} 11. Qe2 {[%emt 0:17:05]} e6 {[%emt 0:05:19]} 12. dxe6 {[%emt 0:03:33]} ({White should try} 12. Nc3 $16) 12... Nxe6 {[%emt 0:00:20]} 13. Na3 {[%emt 0:08:06]} d6 {[%emt 0:10:33]} 14. Qd2 {[%emt 0:05:54]} c5 {[%emt 0:13:14]} 15. Ba4 {[%emt 0:07:46]} Bb7 {[%emt 0:05:12]} 16. Nc2 {[%emt 0:06:37]} Nc6 {[%emt 0:05:17]} 17. Bxc6 {[%emt 0:06:15]} Bxc6 {[%emt 0:00:03]} 18. Rb1 {[%emt 0:00:36] [#]} a5 {[%emt 0:01:30]} (18... Qd7 $1 $17 19. b4 f5) 19. b3 {[%emt 0:01:15]} Re8 {[%emt 0:04:41]} 20. Qd3 {[%emt 0:05:23]} Ra7 {[%emt 0:05:39]} 21. Be3 {[%emt 0:07:19]} Nf8 {[%emt 0:07:26]} 22. Nd2 {[%emt 0:03:30]} Qf6 {[%emt 0:02:40]} 23. f3 {[%emt 0:00:33]} Rd7 {[%emt 0:01:25]} 24. a4 {[%emt 0:01:03]} Ne6 {[%emt 0:00:29]} 25. Nf1 {[%emt 0:00:45]} h5 {[%emt 0:00:36]} 26. Qd2 {[%emt 0:01:45]} h4 {[%emt 0:00:19]} 27. h3 {[%emt 0:00:19]} Qe5 {[%emt 0:00:55]} 28. Nh2 {[%emt 0:00:31]} Qh5 {[%emt 0:00:54]} 29. Rbd1 {[%emt 0:01:26]} f5 {[%emt 0:01:13]} 30. exf5 {[%emt 0:00:37]} gxf5 {[%emt 0:00:03]} 31. Bf2 {[%emt 0:00:17]} Be5 {[%emt 0:00:24]} 32. Ne3 {[%emt 0:01:06]} (32. Kh1 $17) 32... Nd4 $2 {[%emt 0:00:38]} (32... Nf4 $19 {is more deadly.} 33. Kh1 Rg7) 33. Nd5 {[%emt 0:00:42]} Bxd5 {[%emt 0:00:22]} 34. cxd5 {[%emt 0:00:11]} Rde7 {[%emt 0:01:07]} 35. Qd3 {[%emt 0:01:04]} Qg5 {[%emt 0:00:41]} 36. Nf1 {[%emt 0:00:31]} Rg7 {[%emt 0:00:27]} 37. g4 {[%emt 0:00:37]} hxg3 {[%emt 0:00:19]} 38. Bxd4 {[%emt 0:00:20]} Bxd4+ {[%emt 0:00:34]} 39. Kg2 {[%emt 0:00:05]} Rge7 {[%emt 0:00:37]} 40. Rxe7 {[%emt 0:00:00]} Rxe7 {[%emt 0:00:00]} 41. Rd2 {[%emt 0:08:16]} f4 {[%emt 0:04:55]} 42. Re2 {[%emt 0:02:01]} Kg7 {[%emt 0:05:11]} 43. Re4 {[%emt 0:05:02]} Re5 {[%emt 0:03:48]} 44. Qe2 {[%emt 0:02:55]} Qe7 {[%emt 0:09:00]} 45. Rxe5 {[%emt 0:04:18]} Bxe5 {[%emt 0:00:08]} 46. Nd2 {[%emt 0:03:18]} Qf7 {[%emt 0:00:49]} 47. Qe4 {[%emt 0:00:25]} Qf6 {[%emt 0:02:19]} 48. Nc4 {[%emt 0:01:10]} Ba1 {[%emt 0:00:28]} 49. Qd3 {[%emt 0:04:46]} (49. Qe8 $11) 49... Qd4 {[%emt 0:01:01]} 50. Qe2 {[%emt 0:03:27]} (50. Qd2 $1 $11) 50... Qxd5 {[%emt 0:01:04]} 51. Qe7+ {[%emt 0:00:07]} Kg8 {[%emt 0:02:27]} ({Black should play} 51... Kg6 $15) 52. Qe8+ {[%emt 0:00:39]} Kg7 {[%emt 0:00:14]} (52... Kh7 $15) 1/2-1/2